000 01273nam a2200301 i 4500
001 000034341
003 DO-SdBNP
005 20241030110129.0
008 111003s1929 dr 000 0 spa d
040 _aDO-SdBNP
_bspa
_cBNPHU
_erda
082 4 _a972.9365
_bK92a
_222
100 1 _aKrieger, Herbert W.
_q(Herbert William),
_d1889-
_eautor
_959764
245 1 0 _aArcheological and historical investigations in Samaná Dominican Republic /
_cby Herbert W. Krieger.
264 _aWashington :
_bU.S. Govt. print. off.,
_c1929.
300 _a91 páginas. :
_bilustraciones mapas. ;
_c24 cm.
336 _ardacontent
_btexto
_2txt
337 _ardamedia
_bsin mediación
_2n
338 _ardacarrier
_bvolumen
_2nc
490 1 _aSmithsonian Institution. United States National museum. Bulletin
_v147
500 _aIncluye referencias bibliográficas y notas al pie de las paginas
590 _aInventariado,2024/DG
650 4 _aIndígenas de las Antillas
_zRepública Dominicana
_91048
651 4 _aRepública Dominicana
_xAntigüedades
_945302
651 0 _a Samaná (República Dominicana : Provincia)
_976953
830 0 _aSmithsonian institution. United States National museum. Bulletin
_v147
_959765
910 _aValidado. Control de calidad MFF
942 _2ddc
_cLBS1
999 _c33832
_d33832